LEADER 01176nam--2200361---450- 001 990001140320203316 005 20090604092621.0 010 $a90-411-1510-2 035 $a000114032 035 $aUSA01000114032 035 $a(ALEPH)000114032USA01 035 $a000114032 100 $a20030403d2000----km-y0enga50------ba 101 0 $aeng 102 $aZA 105 $ay|||z|||001yy 200 1 $aConstitutional comparison$eJapan, Germany, Canada and South Africa as constitutional States$fFrancois Venter 210 $aLansdowne$cJuta$aDordrecht$cKluwer law international$d2000 215 $aXXXV, 274 p.$d24 cm. 606 0 $aCostituzioni politiche$xDiritto comparato 676 $a342.03 700 1$aVENTER,$bFrancois$0554973 801 0$aIT$bsalbc$gISBD 912 $a990001140320203316 951 $aXXIX.2.C 28 (IG XX 143)$b36429 G.$cXXIX.2.C 28 (IG XX)$d00086306 959 $aBK 969 $aGIU 979 $aMARIA$b10$c20030403$lUSA01$h1125 979 $aPATRY$b90$c20040406$lUSA01$h1719 979 $aRENATO$b90$c20040914$lUSA01$h1301 979 $aRSIAV2$b90$c20090604$lUSA01$h0926 996 $aConstitutional comparison$9980603 997 $aUNISA LEADER 01837nam 2200421z- 450 001 9910346936203321 005 20260216145048.0 035 $a(CKB)4920000000101160 035 $a(oapen)doab55399 035 $a(IL-JeEL)994920000000101160 035 $a(EXLCZ)994920000000101160 100 $a20202102d2007 |y 0 101 0 $ager 135 $aurmn|---annan 181 $ctxt$2rdacontent 182 $cc$2rdamedia 183 $acr$2rdacarrier 200 10$aOrganische Halbleiterbauelemente fu?r mikrooptische Systeme /$fMartin Punke 210 1$aKarlsruhe:$cKIT Scientific Publishing,$d2007. 215 $a1 online resource (X, 199 p.) 311 08$a3-86644-204-1 311 08$a9783866442047 320 $aIncludes bibliographical references and index. 330 $aDiese Arbeit befasst sich mit neuen Aspekten der Nutzung der Klasse der organischen Halbleiterbauelemente. Es wird dabei insbesondere die Integration organischer Bauelemente in mikrooptische Systeme untersucht. Dabei stehen sowohl das Design, die Herstellung und die Charakterisierung als auch die Anwendung dieser Bauelemente in der Datenu?bertragung und Sensorik im Vordergrund. 606 $aOrganic semiconductors$xDesign and construction 606 $aMicro-optics 606 $aOptoelectronic devices$xDesign and construction 606 $aData transmission systems$xTechnological innovations 615 00$aOrganic semiconductors$xDesign and construction. 615 00$aMicro-optics. 615 00$aOptoelectronic devices$xDesign and construction. 615 00$aData transmission systems$xTechnological innovations. 676 $a621.38152 700 $aPunke$b Martin$01314796 906 $aBOOK 912 $a9910346936203321 996 $aOrganische Halbleiterbauelemente für mikrooptische Systeme$93031977 997 $aUNINA